000 nam a22 a 4500
999 _c1844
_d1844
005 20170512102558.0
008 170512b1996 II ||||| |||| 00| 0 eng d
020 _a8186104100
040 _aAKMAL
082 _a338.092 NAN
090 _a338.092
_bNAN
245 _a292 Tips for Managers /
_cH.N. Nanani
260 _aDelhi
_bEfficient Offset Printers
_c1996
300 _ccm
942 _2ddc
_cBOOK